| 000 | 00387nam a22001217a 4500 | ||
|---|---|---|---|
| 008 | 230626b xxu||||| |||| 00| 0 eng d | ||
| 082 |
_a332.3 _bMOCD |
||
| 100 | _cParliamentarians Sacco Society Ltd | ||
| 245 |
_aAudited Annual Accounts & Financial Reports _bFor the Year Ended 31st December 2002 |
||
| 260 |
_bParliamentarians Sacco Society Ltd _c2002 |
||
| 300 | _a19p | ||
| 942 |
_2ddc _cBK |
||
| 999 |
_c2746 _d2746 |
||